Name ALL UK birds - Statistics

General Stats
  • This quiz has been taken 10 times
  • The average score is 97 of 654
Answer Stats
Answer % Correct
Mute Swan
67%
Barnacle Goose
56%
Brent Goose
56%
Canada Goose
56%
Egyptian Goose
56%
Grey Heron
56%
Pink-footed Goose
56%
Purple Heron
56%
Whooper Swan
56%
Arctic Tern
44%
Bald Eagle
44%
Barn Owl
44%
Black-headed Gull
44%
Black-necked Grebe
44%
Common Gull
44%
Common Sandpiper
44%
Common Tern
44%
Gadwall
44%
Goosander
44%
Great Black-backed Gull
44%
Greater White-fronted Goose
44%
Great Northern Diver
44%
Great Tit
44%
Green Sandpiper
44%
Greylag Goose
44%
Herring Gull
44%
House Sparrow
44%
Lesser Black-backed Gull
44%
Little Egret
44%
Little Grebe
44%
Little Owl
44%
Little Stint
44%
Long-eared Owl
44%
Mallard
44%
Mandarin Duck
44%
Red-necked Grebe
44%
Red-throated Diver
44%
Rook
44%
Ross's Goose
44%
Sandwich Tern
44%
Short-eared Owl
44%
Smew
44%
Snow Goose
44%
Tawny Owl
44%
Tundra Bean-Goose
44%
Tundra Swan
44%
Barn Swallow
33%
Bar-tailed Godwit
33%
Black-crowned Night-Heron
33%
Black Stork
33%
Black-tailed Godwit
33%
Black-throated Diver
33%
Cackling Goose
33%
Cetti's Warbler
33%
Common Buzzard
33%
Common Crane
33%
Common Eider
33%
Common Kingfisher
33%
Common Scoter
33%
Common Shelduck
33%
Dunlin
33%
Dunnock
33%
Eurasian Bittern
33%
Eurasian Bullfinch
33%
Eurasian Jackdaw
33%
Eurasian Oystercatcher
33%
Eurasian Stone-curlew
33%
Eurasian Teal
33%
Eurasian Wigeon
33%
European Robin
33%
European Shag
33%
Fieldfare
33%
Glaucous Gull
33%
Golden Eagle
33%
Great Cormorant
33%
Great Crested Grebe
33%
Great Knot
33%
Great Spotted Woodpecker
33%
Green-winged Teal
33%
Grey Plover
33%
Hen Harrier
33%
Horned/Shore Lark
33%
Iceland Gull
33%
King Eider
33%
Lesser Spotted Woodpecker
33%
Lesser White-fronted Goose
33%
Lesser Whitethroat
33%
Little Gull
33%
Little Tern
33%
Long-tailed Tit
33%
Mediterranean Gull
33%
Merlin
33%
Mistle Thrush
33%
Montagu's Harrier
33%
Northern Gannet
33%
Northern Shoveler
33%
Osprey
33%
Peregrine Falcon
33%
Pied Avocet
33%
Red-breasted Merganser
33%
Red-rumped Swallow
33%
Redwing
33%
Reed Bunting
33%
Rock Pipit
33%
Ruddy Duck
33%
Sand Martin
33%
Slavonian Grebe
33%
Snow Bunting
33%
Snowy Owl
33%
Song Thrush
33%
Spotted Redshank
33%
Squacco Heron
33%
Taiga Bean-Goose
33%
Temminck's Stint
33%
Tree Sparrow
33%
Twite
33%
Velvet Scoter
33%
Water Pipit
33%
White Stork
33%
White-tailed Eagle
33%
Willow Tit
33%
Willow Warbler
33%
Yellow-legged Gull
33%
Alpine Swift
22%
American Bittern
22%
American Golden-Plover
22%
American Robin
22%
American Wigeon
22%
Aquatic Warbler
22%
Arctic Skua
22%
Black Grouse
22%
Black-legged Kittiwake
22%
Black Tern
22%
Black-winged Stilt
22%
Bluethroat
22%
Bonaparte's Gull
22%
Carrion Crow
22%
Caspian Tern
22%
Cirl Bunting
22%
Coal Tit
22%
Common Chiffchaff
22%
Common Goldeneye
22%
Common Grasshopper Warbler
22%
Common Greenshank
22%
Common House-Martin
22%
Common Pochard
22%
Common Quail
22%
Common Raven
22%
Common Redshank
22%
Common Ringed Plover
22%
Common Snipe
22%
Common Swift
22%
Common Woodpigeon
22%
Corn Crake
22%
Crested Tit
22%
Curlew Sandpiper
22%
Dartford Warbler
22%
Eurasian Blackbird
22%
Eurasian Blackcap
22%
Eurasian Collared-Dove
22%
Eurasian Coot
22%
Eurasian Curlew
22%
Eurasian Green Woodpecker
22%
Eurasian Jay
22%
Eurasian Kestrel
22%
Eurasian Linnet
22%
Eurasian Magpie
22%
Eurasian Moorhen
22%
Eurasian Nuthatch
22%
Eurasian Siskin
22%
Eurasian Skylark
22%
Eurasian Sparrowhawk
22%
Eurasian Spoonbill
22%
Eurasian Treecreeper
22%
European Bee-eater
22%
European Golden-Plover
22%
European Goldfinch
22%
European Greenfinch
22%
European Honey-buzzard
22%
European Pied Flycatcher
22%
European Starling
22%
European Stonechat
22%
European Turtle-Dove
22%
Ferruginous Duck
22%
Garden Warbler
22%
Garganey
22%
Glossy Ibis
22%
Golden Pheasant
22%
Great Bustard
22%
Great Egret
22%
Greater Scaup
22%
Greater Whitethroat
22%
Great Reed Warbler
22%
Green Heron
22%
Grey Partridge
22%
Grey Phalarope
22%
Grey Wagtail
22%
Gyrfalcon
22%
Hooded Crow
22%
Hudsonian Godwit
22%
Jack Snipe
22%
Killdeer
22%
Lady Amherst's Pheasant
22%
Laughing Gull
22%
Lesser Scaup
22%
Little Auk
22%
Little Bittern
22%
Little Bustard
22%
Little Ringed Plover
22%
Long-tailed Duck
22%
Manx Shearwater
22%
Marsh Tit
22%
Meadow Pipit
22%
Northern Fulmar
22%
Northern Pintail
22%
Northern Wheatear
22%
Oriental Turtle-Dove
22%
Pallas's Leaf Warbler
22%
Pallid Swift
22%
Pied-billed Grebe
22%
Purple Sandpiper
22%
Razorbill
22%
Red-backed Shrike
22%
Red-billed Chough
22%
Red-crested Pochard
22%
Red Grouse
22%
Redhead
22%
Red Kite
22%
Red Knot
22%
Red-legged Partridge
22%
Red-necked Phalarope
22%
Red-necked Stint
22%
Redpoll
22%
Ring Ouzel
22%
Roseate Tern
22%
Rough-legged Buzzard
22%
Ruddy Shelduck
22%
Ruddy Turnstone
22%
Sabine's Gull
22%
Sanderling
22%
Sedge Warbler
22%
Sooty Shearwater
22%
Spotted Crake
22%
Spotted Flycatcher
22%
Stock Dove
22%
Tree Pipit
22%
Western Cattle Egret
22%
Western Yellow Wagtail
22%
Whimbrel
22%
Whinchat
22%
White-billed Diver
22%
White Wagtail
22%
White-winged Scoter
22%
Wood Sandpiper
22%
Wood Warbler
22%
Yellow-browed Warbler
22%
Yellowhammer
22%
American Black Duck
11%
American Coot
11%
American Kestrel
11%
Amur Stonechat
11%
Atlantic Puffin
11%
Audouin's Gull
11%
Baillon's Crake
11%
Baird's Sandpiper
11%
Barred Warbler
11%
Barrow's Goldeneye
11%
Bearded Reedling
11%
Belted Kingfisher
11%
Black-browed Albatross
11%
Black-faced Bunting
11%
Black Guillemot
11%
Black Kite
11%
Black Lark
11%
Black Redstart
11%
Black Scoter
11%
Black-winged Kite
11%
Black-winged Pratincole
11%
Blue-winged Teal
11%
Bobolink
11%
Booted Eagle
11%
Brambling
11%
Bridled Tern
11%
Broad-billed Sandpiper
11%
Brown Booby
11%
Brown Shrike
11%
Buff-breasted Sandpiper
11%
Bufflehead
11%
Canvasback
11%
Caspian Gull
11%
Caspian Plover
11%
Cedar Waxwing
11%
Citrine Wagtail
11%
Collared Flycatcher
11%
Collared Pratincole
11%
Common Chaffinch
11%
Common Crossbill
11%
Common Firecrest
11%
Common Nightingale
11%
Common Redstart
11%
Common Reed Warbler
11%
Corn Bunting
11%
Cory's Shearwater
11%
Crested Lark
11%
Dalmatian Pelican
11%
Eastern Yellow Wagtail
11%
Egyptian Vulture
11%
Eurasian Blue Tit
11%
Eurasian Crag-Martin
11%
Eurasian Dotterel
11%
Eurasian Eagle-Owl
11%
Eurasian Golden Oriole
11%
Eurasian Hobby
11%
Eurasian Hoopoe
11%
Eurasian Marsh-Harrier
11%
Eurasian Penduline-Tit
11%
Eurasian Woodcock
11%
Eurasian Wren
11%
Eurasian Wryneck
11%
European Roller
11%
European Serin
11%
European Storm-Petrel
11%
Eyebrowed Thrush
11%
Falcated Duck
11%
Forster's Tern
11%
Fox Sparrow
11%
Franklin's Gull
11%
Goldcrest
11%
Great Blue Heron
11%
Greater Crested Tern
11%
Greater Sand-Plover
11%
Greater Short-toed Lark
11%
Great Grey Shrike
11%
Great Shearwater
11%
Great Skua
11%
Great Snipe
11%
Guillemot
11%
Harlequin Duck
11%
Hawfinch
11%
Hooded Merganser
11%
Hudsonian Whimbrel
11%
Iberian Chiffchaff
11%
Icterine Warbler
11%
Indigo Bunting
11%
Isabelline Shrike
11%
Ivory Gull
11%
Kelp/Cape Gull
11%
Kentish Plover
11%
Lapland Longspur
11%
Leach's Storm-Petrel
11%
Least Sandpiper
11%
Least Tern
11%
Lesser Crested Tern
11%
Lesser Grey Shrike
11%
Lesser Kestrel
11%
Lesser Sand-Plover
11%
Lesser Yellowlegs
11%
Little Bunting
11%
Little Crake
11%
Long-legged Buzzard
11%
Long-toed Stint
11%
Marsh Sandpiper
11%
Marsh Warbler
11%
Masked Shrike
11%
Melodious Warbler
11%
Mourning Dove
11%
Northern Goshawk
11%
Northern Harrier
11%
Northern Lapwing
11%
Olive-backed Pipit
11%
Ortolan Bunting
11%
Pacific Diver
11%
Pacific Golden-Plover
11%
Pallas's Grasshopper Warbler
11%
Pallas's Gull
11%
Pallid Harrier
11%
Pectoral Sandpiper
11%
Pied Wheatear
11%
Pine Grosbeak
11%
Ptarmigan
11%
Purple Gallinule
11%
Red-breasted Goose
11%
Red-footed Booby
11%
Red-footed Falcon
11%
Red-tailed Shrike
11%
Red-throated Pipit
11%
Richard's Pipit
11%
Ring-billed Gull
11%
Ring-necked Duck
11%
Ring-necked Pheasant
11%
River Warbler
11%
Rock Pigeon
11%
Rose-breasted Grosbeak
11%
Rose-ringed Parakeet
11%
Ross's Gull
11%
Rosy Starling
11%
Royal Tern
11%
Ruff
11%
Sandhill Crane
11%
Savannah Sparrow
11%
Savi's Warbler
11%
Scarlet Tanager
11%
Scottish Crossbill
11%
Sharp-tailed Sandpiper
11%
Short-toed Treecreeper
11%
Siberian Stonechat
11%
Slender-billed Curlew
11%
Snowy Egret
11%
Solitary Sandpiper
11%
Song Sparrow
11%
Sooty Tern
11%
Sora
11%
Spanish Sparrow
11%
Spotted Sandpiper
11%
Stejneger's Scoter
11%
Steller's Eider
11%
Stilt Sandpiper
11%
Summer Tanager
11%
Surf Scoter
11%
Terek Sandpiper
11%
Tufted Duck
11%
Upland Sandpiper
11%
Varied Thrush
11%
Water Rail
11%
Western Capercaillie
11%
Western Swamphen
11%
Whiskered Tern
11%
White-crowned Sparrow
11%
White-rumped Sandpiper
11%
White-throated Dipper
11%
White-throated Needletail
11%
White-throated Sparrow
11%
White-winged Tern
11%
Wilson's Phalarope
11%
Wilson's Storm-Petrel
11%
Woodchat Shrike
11%
Woodlark
11%
Zitting Cisticola
11%
Acadian Flycatcher
0%
Alder Flycatcher
0%
Aleutian Tern
0%
Allen's Gallinule
0%
Alpine Accentor
0%
American Buff-bellied Pipit
0%
American Herring Gull
0%
American Redstart
0%
Amur Falcon
0%
Ancient Murrelet
0%
Arctic Warbler
0%
Ascension Frigatebird
0%
Asian Brown Flycatcher
0%
Asian Desert Warbler
0%
Baikal Teal
0%
Baltimore Oriole
0%
Barolo Shearwater
0%
Bay-breasted Warbler
0%
Bearded Vulture
0%
Bimaculated Lark
0%
Black-and-white Warbler
0%
Black-bellied Storm-Petrel
0%
Black-billed Cuckoo
0%
Blackburnian Warbler
0%
Black-headed Bunting
0%
Blackpoll Warbler
0%
Black-throated Thrush
0%
Blue-cheeked Bee-eater
0%
Blue Rock-Thrush
0%
Blyth's Pipit
0%
Blyth's Reed Warbler
0%
Bohemian Waxwing
0%
Booted Warbler
0%
Brown-headed Cowbird
0%
Brown Thrasher
0%
Brunnich's Guillemot
0%
Bulwer's Petrel
0%
Cabot's Tern
0%
Calandra Lark
0%
Canada Warbler
0%
Cape May Warbler
0%
Chestnut Bunting
0%
Chestnut-eared Bunting
0%
Chestnut-sided Warbler
0%
Chimney Swift
0%
Chinese Pond-Heron
0%
Citril Finch
0%
Cliff Swallow
0%
Common Cuckoo
0%
Common Nighthawk
0%
Common Rock-Thrush
0%
Common Rosefinch
0%
Common Yellowthroat
0%
Cream-colored Courser
0%
Cretzschmar's Bunting
0%
Dark-eyed Junco
0%
Desertas Petrel
0%
Desert Wheatear
0%
Double-crested Cormorant
0%
Dusky Thrush
0%
Dusky Warbler
0%
Eastern Black-eared Wheatear
0%
Eastern Bonelli's Warbler
0%
Eastern Crowned Warbler
0%
Eastern Kingbird
0%
Eastern Olivaceous Warbler
0%
Eastern Orphean Warbler
0%
Eastern Phoebe
0%
Eastern Red-rumped Swallow
0%
Eastern Subalpine Warbler
0%
Eastern Towhee
0%
Egyptian Nightjar
0%
Elegant Tern
0%
Eleonora's Falcon
0%
Eskimo Curlew
0%
Eurasian Nightjar
0%
Eurasian Nutcracker
0%
Eurasian Scops-Owl
0%
Evening Grosbeak
0%
Fea's Petrel
0%
Flesh-footed Shearwater
0%
Glaucous-winged Gull
0%
Golden-winged Warbler
0%
Gray-tailed Tattler
0%
Greater Yellowlegs
0%
Great Spotted Cuckoo
0%
Greenish Warbler
0%
Green Warbler
0%
Grey Catbird
0%
Grey-cheeked Thrush
0%
Grey-headed Lapwing
0%
Gull-billed Tern
0%
Hermit Thrush
0%
Hooded Warbler
0%
Hume's Warbler
0%
Isabelline Wheatear
0%
Italian x House Sparrow
0%
Lanceolated Warbler
0%
Lark Sparrow
0%
Least Bittern
0%
Lesser Spotted Eagle
0%
Little Curlew
0%
Little Swift
0%
Long-billed Dowitcher
0%
Long-billed Murrelet
0%
Long-tailed Shrike
0%
Long-tailed Skua
0%
Macqueen's Bustard
0%
Madeiran Storm-Petrel
0%
Magnificent Frigatebird
0%
Magnolia Warbler
0%
Marmora's Warbler
0%
Mediterranean Shearwater
0%
Mediterranean Short-toed Lark
0%
Moltoni's Warbler
0%
Moussier's Redstart
0%
Naumann's Thrush
0%
Northern Hawk Owl
0%
Northern Mockingbird
0%
Northern Parula
0%
Northern Waterthrush
0%
Olive-tree Warbler
0%
Oriental Pratincole
0%
Ovenbird
0%
Pacific Swift
0%
Paddyfield Pipit
0%
Paddyfield Warbler
0%
Pale-legged Leaf Warbler
0%
Pallas's Bunting
0%
Pallas's Sandgrouse
0%
Parrot Crossbill
0%
Pechora Pipit
0%
Philadelphia Vireo
0%
Pine Bunting
0%
Pomarine Skua
0%
Purple Martin
0%
Radde's Warbler
0%
Red-billed Tropicbird
0%
Red-breasted Flycatcher
0%
Red-breasted Nuthatch
0%
Red-eyed Vireo
0%
Red-flanked Bluetail
0%
Red-headed Bunting
0%
Red-necked Nightjar
0%
Red-throated Thrush
0%
Red-winged Blackbird
0%
Rock Bunting
0%
Rock Sparrow
0%
Ruby-crowned Kinglet
0%
Rufous-tailed Robin
0%
Rufous-tailed Scrub-Robin
0%
Rüppell's Warbler
0%
Rustic Bunting
0%
Sardinian Warbler
0%
Scopoli's Shearwater
0%
Semipalmated Plover
0%
Semipalmated Sandpiper
0%
Short-billed Dowitcher
0%
Short-tailed Shearwater
0%
Short-toed Snake-Eagle
0%
Siberian Accentor
0%
Siberian Blue Robin
0%
Siberian Rubythroat
0%
Siberian Thrush
0%
Slaty-backed Gull
0%
Slender-billed Gull
0%
Sociable Lapwing
0%
Soft-plumaged Petrel
0%
South Polar Skua
0%
Spectacled Warbler
0%
Striated Heron
0%
Sulphur-bellied Warbler
0%
Swainson's Thrush
0%
Swinhoe's Storm-Petrel
0%
Sykes's Warbler
0%
Taiga Flycatcher
0%
Tawny Pipit
0%
Tengmalm's Owl
0%
Tennessee Warbler
0%
Thick-billed Warbler
0%
Thrush Nightingale
0%
Tree Swallow
0%
Trumpeter Finch
0%
Tufted Puffin
0%
Two-barred Crossbill
0%
Two-barred Warbler
0%
Veery
0%
Vega Gull
0%
Wallcreeper
0%
Western Black-eared Wheatear
0%
Western Bonelli's Warbler
0%
Western Olivaceous Warbler
0%
Western Orphean Warbler
0%
Western Sandpiper
0%
Western Subalpine Warbler
0%
White-crowned Wheatear
0%
White-faced Storm-Petrel
0%
White-rumped Swift
0%
White's Thrush
0%
White-tailed Lapwing
0%
White-throated Robin
0%
White-winged Lark
0%
Wilson's Snipe
0%
Wilson's Warbler
0%
Wood Thrush
0%
Yellow-bellied Flycatcher
0%
Yellow-bellied Sapsucker
0%
Yellow-billed Cuckoo
0%
Yellow-billed Kite
0%
Yellow-breasted Bunting
0%
Yellow-browed Bunting
0%
Yellow-nosed Albatross
0%
Yellow-rumped Warbler
0%
Yellow-throated Vireo
0%
Yellow Warbler
0%
Zino's Petrel
0%
No matching quizzes found
Score Distribution
Percent of People with Each Score
Percentile by Number Answered
Your Score History
You have not taken this quiz